| 000 | 00553nam a2200181Ia 4500 | ||
|---|---|---|---|
| 008 | 240729s9999 xx 000 0 und d | ||
| 022 | _a2449-8513 | ||
| 245 | 0 | _aAnnales Universitatis Mariae Curie-Skłodowska Sectio H, Oeconomia | |
| 260 | _aPoland | ||
| 260 | _bMaria Curie-Skłodowska University, Lublin, Poland | ||
| 650 | _a Business | Social Sciences | ||
| 650 | _a Commerce | ||
| 650 | _a Finance | ||
| 650 | _aSocial Sciences | ||
| 856 | _uhttps://doaj.org/toc/cd83a8a83a5543b1b792342b2a9e3d93 | ||
| 942 | _2ddc | ||
| 942 | _cDOAJEJ | ||
| 999 |
_c68435 _d68435 |
||
| 945 |
_a1 _bMadushi Gamage _c1 _dMadushi Gamage |
||